000 00272nam a2200121Ia 4500
008 190216s9999||||xx |||||||||||||| ||und||
100 _aHenry O
245 0 _aLokothara Kathakal
260 _bDc Books Kottayam
_c2010
300 _a132
650 _aKathakal
942 _cBK
999 _c29792
_d29792